Представление документа в формате MARC21

ПолеНазваниеЗначение
  Тип записи a
  Библиографический уровень m
001 Контрольный номер RU\infra-m\znanium\bibl\1995198
005 Дата корректировки 20260429142125.3
008 Кодируемые данные 250605s2024 RU g rus u
020 Индекс ISBN __
a ISBN 978-5-16-018394-7
020 Индекс ISBN __
a ISBN 978-5-16-111421-6 (электр. издание)
040 Источник каталогиз. __
a Служба первич. каталог. Общество с ограниченной ответственностью «ЗНАНИУМ»
041 Код языка издания __
a Код языка текста rus
044 Код страны публикации __
a Код страны публикации RU
080 Индекс УДК __
a Индекс УДК 538.9(075.8)
084 Индекс другой классификации/Индекс ББК __
2 Источник индекса rubbk
a Индекс другой классификации/Индекс ББК 30.362я73
084 Индекс другой классификации/Индекс ББК __
2 Источник индекса okso
a Индекс другой классификации/Индекс ББК 16.03.03
084 Индекс другой классификации/Индекс ББК __
2 Источник индекса okso
a Индекс другой классификации/Индекс ББК 18.03.02
084 Индекс другой классификации/Индекс ББК __
2 Источник индекса okso
a Индекс другой классификации/Индекс ББК 22.03.01
100 Автор __
a Автор Светлов Ю.В.
q Полное имя Светлов Юрий Валентинович
u Дополнение Московский государственный университет технологий и управления им. К.Г. Разумовского
245 Заглавие __
a Заглавие Пористые материалы: расчёт теплофизических характеристик на основе теории макроквантования
b Продолж. заглавия Учебное пособие
c Ответственность Московский государственный университет технологий и управления им. К.Г. Разумовского
250 Сведения об издании __
a Основные сведения об издании 1
260 Выходные данные __
a Место издания Москва
b Издательство ООО "Научно-издательский центр ИНФРА-М"
c Дата издания 2025
300 Физическое описание __
a Объем 300 с.
440 Серия __
a Серия Высшее образование
520 Аннотация __
a Аннотация В учебном пособии изложены физические основы и выполнены расчеты основных теплофизических и термовлажностных характеристик пористых материалов: теплоизоляционных текстильных пищевых. Расчетный анализ базируется на основных положениях квантово-макроскопического механизма движения энергии в материальной среде и концепции ее субстанцио нальности а также на представлениях о квантово-термодинамических флуктуациях виртуальных фотоне и фононе механизме релаксации в макроячейке и др. На базе указанных физических идей выполнен ряд решений в частности получены уравнения для коэффициентов тепло- и массопроводности позволяющие определять внутреннюю эффективную поверхность смачивания материала и находить ее связь с основными физконстантами материала. На базе предложенного метода и полученных расчетных уравнений анализируются термовлажностные режимы теплоизоляционных текстильных пищевых материалов изделий продуктов. Для студентов высших учебных заведений теплотехнического и химико-технологического профиля а также для специалистов работающих в соответствующих проектных и научно-исследовательских организациях текстильной легкой пищевой отраслей промышленности холодильной и криогенной техники.
521 Примеч. о цел. назн. __
a Примеч. о целев. назн. Профессиональное образование
650 Тематические рубрики __
a Основная рубрика Общетехнические дисциплины
x Основная подрубрика Материаловедение
655 Указ. предметных рубрик (устаревшее) __
a Жанр/ форма (устаревшее) Учебное пособие
856 Электронный адрес документа 4_
a Имя сервера/домена znanium.ru
m Помощь ebs_support@infra-m.ru
n Местонахождение сервера НИЦ ИНФРА-М
u URL https://znanium.ru/catalog/document?id=452509
856 Электронный адрес документа 48
a Имя сервера/домена znanium.ru
d Путь /cover/1995
f Электронное имя 1995198.jpg
q Тип электронного формата image/jpeg
u URL https://znanium.ru/cover/1995/1995198.jpg
911 __
u 0030=https://znanium.ru/catalog/document?id=452509